[Event "Tournament (Elo)"]
[Site "masterchessopen.com Saratov (Russia)"]
[Date "2010.06.14"]
[Round "4"]
[White "Eramian Gamlet (RUS)"]
[Black "Fedorov Oleg (RUS)"]
[Result "1-0"]
[WhiteElo "2059"]
[BlackElo "2135"]

1.d4 Nf6 2.Nf3 e6 3.c4 b6 4.g3 Bb7 5.Bg2 Bb4+ 6.Bd2 a5 7.O-O O-O 8.a3 Bxd2
9.Qxd2 Ne4 10.Qc2 Qc8 11.Nc3 Nxc3 12.Qxc3 Be4 13.Rac1 c5 14.Rfd1 Na6 15.Qd2
Qb7 16.Qf4 d5 17.cxd5 Bxd5 18.Nh4 Bxg2 19.Nxg2 Rac8 20.Ne3 cxd4 21.Rxc8 Rxc8
22.Qxd4 h6 23.Nc4 Rc5 24.Qd8+ Kh7 25.Nxb6 Nc7 26.Nd7 Rc6 27.Nf8+ Kg8 28.Nxe6+
Kh7 29.Nf8+ Kg8 30.Ng6+ Kh7 31.Ne7 {#r} 1-0

[Event "It (open)"]
[Site "masterchessopen.com Edirne (Turkey)"]
[Round "7"]
[White "Mohannad Farhan Al Qasem (JOR)"]
[Black "Oney Riza (TUR)"]
[Result "1-0"]
[WhiteElo "2184"]
[BlackElo "1976"]

1.d4 Nf6 2.c4 e6 3.Nf3 b6 4.g3 Bb7 5.Bg2 Bb4+ 6.Nbd2 Ne4 7.O-O Nxd2 8.Bxd2
Bxd2 9.Qxd2 O-O 10.d5 d6 11.Ng5 e5 12.Be4 g6 13.f4 h6 14.Nxf7 Rxf7 15.fxe5 Qg5
16.Qxg5 hxg5 17.Rxf7 Kxf7 18.Rf1+ Kg7 19.e6 Na6 20.Rf7+ Kh6 21.Rf6 Nc5
22.Rxg6+ Kh5 23.Bc2 a5 24.Rg7 b5 25.h3 Rh8 26.e7 g4 27.h4 {#r} 1-0

[Event "It (open)"]
[Site "masterchessopen.com Balaguer (Spain)"]
[Date "2010.07.20"]
[Round "2"]
[White "Bhat Vinay S (USA)"]
[Black "Del Rey Diego (ESP)"]
[Result "1-0"]
[WhiteElo "2514"]
[BlackElo "2396"]

1.d4 Nf6 2.c4 e6 3.Nf3 b6 4.g3 Bb7 5.Bg2 Bb4+ 6.Bd2 Be7 7.Nc3 O-O 8.Qc2 d5
9.cxd5 Nxd5 10.Nxd5 Bxd5 11.O-O c5 12.dxc5 Bxc5 13.Rfd1 Nd7 14.Bc3 Qe7 15.e4
Bc6 16.b4 Bd6 17.e5 Bxf3 18.Bxf3 {#r} 1-0

[Event "Tournament (open) (under 2100)"]
[Site "masterchessopen.com Medellin (Colombia)"]
[Round "7"]
[White "Zapata Juan Carlos (COL)"]
[Black "Kostov Alex (COL)"]
[Result "0-1"]
[WhiteElo "2088"]
[BlackElo "2055"]

1.d4 Nf6 2.c4 e6 3.Nf3 b6 4.g3 Bb7 5.Bg2 Bb4+ 6.Nbd2 O-O 7.O-O Re8 8.a3 Bf8
9.Qc2 d6 10.b4 c5 11.e3 Nbd7 12.Bb2 Rc8 13.Rfd1 Qe7 14.Rac1 g6 15.dxc5 dxc5
16.b5 Bg7 17.Qa4 Ra8 18.Qb3 Red8 19.a4 Ne4 20.Bxg7 Kxg7 21.Qb2+ Qf6 22.Qc2
Nxd2 23.Nxd2 Bxg2 24.Kxg2 Ne5 25.f4 Nd3 26.Ne4 Qf5 27.Qc3+ e5 28.Nd6 Rxd6
29.fxe5 Qe4+ 30.Kh3 Nf2# 0-1

[Event "Ch City (open)"]
[Site "masterchessopen.com Skopje (Macedonia)"]
[Date "2010.12.09"]
[Round "6"]
[White "Glavinac Goran (MKD)"]
[Black "Hadzi Manev Ljubomir (MKD)"]
[Result "0-1"]
[WhiteElo "2181"]
[BlackElo "2174"]

1.d4 Nf6 2.c4 e6 3.Nf3 b6 4.g3 Bb7 5.Bg2 Bb4+ 6.Bd2 Be7 7.Nc3 c5 8.dxc5 bxc5
9.Bf4 d6 10.O-O O-O 11.Nb5 Qb6 12.a4 Nc6 13.a5 Nxa5 14.Qa4 Nxc4 15.b3 a6
16.Nc3 Ne5 17.Nxe5 dxe5 18.Bxb7 Qxb7 19.Bxe5 Rfd8 20.Rfc1 Nd7 21.Bf4 Nb6
22.Qe4 Nd5 23.Na4 Qb5 24.Bd2 Rac8 25.Be1 Bf6 26.Rab1 Nb4 27.h4 h6 28.Nxc5 Rd4
29.Nxe6 Re8 30.Nc7 Rdxe4 31.Nxb5 Na2 {#R} 0-1

[Event "It \"]
[Site "masterchessopen.com New Delhi (India)"]
[Date "2011.01.09"]
[Round "3"]
[White "Premnath R (IND)"]
[Black "Gaonkar V G (IND)"]
[Result "1-0"]
[WhiteElo "2306"]
[BlackElo "1705"]

1.d4 Nf6 2.c4 e6 3.Nf3 b6 4.g3 Bb7 5.Bg2 Bb4+ 6.Bd2 Be7 7.Nc3 Ne4 8.Qc2 f5
9.Ne5 Nd6 10.Bxb7 Nxb7 11.O-O O-O 12.e4 d6 13.Nf3 Nd7 14.exf5 exf5 15.Nd5 c6
16.Nf4 Rf6 17.Rfe1 Nf8 18.b4 Qd7 19.b5 Nd8 20.Qb3 Kh8 21.Bc3 Rh6 22.d5 c5
23.Re3 Nf7 24.Rae1 Re8 25.Qb2 Ne5 26.Bxe5 dxe5 27.Nxe5 Qc7 28.Nf7+ {#r} 1-0

[Event "It (open)"]
[Site "masterchessopen.com Chennai (India)"]
[Date "2011.01.19"]
[Round "2"]
[White "Sundararajan Kidambi (IND)"]
[Black "Natarajan C (IND)"]
[Result "1-0"]
[WhiteElo "2474"]
[BlackElo "2230"]

1.Nf3 Nf6 2.c4 e6 3.g3 b6 4.Bg2 Bb7 5.d4 Bb4+ 6.Bd2 Be7 7.O-O O-O 8.Nc3 d5
9.cxd5 exd5 10.Rc1 Nbd7 11.Bf4 c6 12.Qc2 Re8 13.Rfd1 Nh5 14.Bd2 Nhf6 15.a3 Bd6
16.Bf4 Qe7 17.e3 Ne4 18.Nxe4 dxe4 19.Bxd6 Qxd6 20.Ng5 f5 21.Qc4+ Qd5 22.Qxd5+
cxd5 23.Rc7 Bc8 24.Bf1 a6 25.Rdc1 Nf8 26.Be2 f4 27.Bh5 g6 28.Nxh7 Nxh7 29.Bxg6
Ng5 30.Bxe8 Bh3 31.Bd7 Bxd7 {#r} 1-0

[Event "Ch City"]
[Site "masterchessopen.com Krasnoyarsk (Russia)"]
[Date "2011.02.03"]
[Round "3"]
[White "Malikov Alexandr (RUS)"]
[Black "Pavlov Oleg (RUS)"]
[Result "0-1"]
[WhiteElo "2114"]
[BlackElo "2268"]

1.d4 e6 2.c4 b6 3.g3 Bb7 4.Nf3 Nf6 5.Bg2 Bb4+ 6.Bd2 a5 7.O-O O-O 8.Bxb4 axb4
9.Nbd2 c5 10.Qc2 Nc6 11.Nb3 Qe7 12.e4 cxd4 13.Nbxd4 Nxd4 14.Nxd4 Qc5 15.Nb3
Qh5 16.Rfd1 Rfc8 17.Rd6 Ra6 18.h3 Qe5 19.Rd4 Qc7 20.f4 e5 21.fxe5 Qxe5 22.Qd3
g6 23.Rf1 Rxa2 24.Rxf6 Qxf6 25.e5 Qxe5 26.Bxb7 Qe1+ 27.Kh2 Rxb2+ 28.Bg2 Re8
29.Rxd7 Qf2 30.Qd5 Rxb3 {#R} 0-1

[Event "It \"]
[Site "masterchessopen.com Sofia (Bulgaria)"]
[Date "2011.02.05"]
[Round "2"]
[White "Kostov Nikolay (BUL)"]
[Black "Slavov Stanislav (BUL)"]
[Result "1-0"]
[WhiteElo "1981"]
[BlackElo "2007"]

1.d4 Nf6 2.c4 e6 3.Nf3 b6 4.g3 Bb7 5.Bg2 Bb4+ 6.Bd2 Be7 7.O-O O-O 8.Nc3 c5
9.Re1 cxd4 10.Nxd4 Bxg2 11.Kxg2 d5 12.cxd5 Nxd5 13.e4 Nb4 14.Be3 N8c6 15.Nxc6
Nxc6 16.a3 Qxd1 17.Rexd1 Rfd8 18.Nb5 Kf8 19.Rxd8+ Rxd8 20.Rc1 Bc5 21.Bxc5+
bxc5 22.Rxc5 Rb8 23.b4 a5 24.Nd6 Rb6 25.Nc4 Ra6 26.b5 {#r} 1-0

[Event "Ch Sweden (team) 2010/11"]
[Site "masterchessopen.com Sweden"]
[Date "2011.02.05"]
[Round "7"]
[White "Lissung Christopher (SWE)"]
[Black "Janse Rasmus (SWE)"]
[Result "1-0"]
[WhiteElo "2247"]
[BlackElo "2175"]

1.d4 e6 2.Nf3 Nf6 3.g3 b6 4.c4 Bb7 5.Bg2 Bb4+ 6.Nbd2 O-O 7.O-O d5 8.Qc2 dxc4
9.Nxc4 Be4 10.Qb3 Nc6 11.a3 Be7 12.Ncd2 Qd5 13.Qc3 Rad8 14.e3 Qd7 15.Nxe4 Nxe4
16.Qc2 Nf6 17.b4 Bd6 18.Bb2 Ne8 19.Ng5 Ne7 20.Qxh7# 1-0

[Event "It (open)"]
[Site "masterchessopen.com Teplice (Czech Republic)"]
[Date "2011.06.16"]
[Round "6"]
[White "Novotny Tomas (CZE)"]
[Black "Horak Jiri_ (CZE)"]
[Result "0-1"]
[WhiteElo "1940"]
[BlackElo "2277"]

1.d4 Nf6 2.c4 e6 3.Nf3 b6 4.g3 Bb7 5.Bg2 Bb4+ 6.Bd2 a5 7.O-O O-O 8.a3 Be7
9.Nc3 d6 10.Qc2 c5 11.dxc5 bxc5 12.Ne1 Bxg2 13.Nxg2 Nc6 14.e3 Ne5 15.b3 Nf3+
16.Kh1 Qb6 17.Ne1 Nxd2 18.Qxd2 Qxb3 19.Qd3 Qb7+ 20.Kg1 Rfb8 21.Ng2 Qf3 22.Rab1
Ng4 23.Rxb8+ Rxb8 24.Nb5 Ne5 25.Qc2 d5 26.cxd5 Rxb5 27.dxe6 fxe6 28.Nf4 Qc6
{#R} 0-1

[Event "Ch Turkey (team) (2 league)"]
[Site "masterchessopen.com Konya (Turkey)"]
[Date "2011.07.09"]
[Round "8"]
[White "Bozkurt Ilker Nadi (TUR)"]
[Black "Lenic Luka (SLO)"]
[Result "0-1"]
[WhiteElo "2132"]
[BlackElo "2641"]

1.d4 Nf6 2.c4 e6 3.Nf3 b6 4.g3 Bb7 5.Bg2 Bb4+ 6.Bd2 a5 7.O-O O-O 8.Nc3 d6
9.Rc1 Nbd7 10.Bg5 Bxc3 11.Rxc3 Qb8 12.Bxf6 Nxf6 13.Nd2 Bxg2 14.Kxg2 Qb7+
15.Kg1 c5 16.Nf3 Ne4 17.Rd3 b5 18.cxb5 Qxb5 19.dxc5 d5 20.Qc2 Rfc8 21.Nd4 Rxc5
22.Rb3 Qa6 23.Qd1 Rac8 24.Kg2 g6 25.Re1 Rc4 26.Rf1 h5 27.h4 a4 28.Ra3 Qb6
29.Rxa4 Qxb2 30.Qb3 Qxd4 {#R} 0-1

[Event "Memorial M.Najdorf (open)"]
[Site "masterchessopen.com Warsaw (Poland)"]
[Date "2011.07.18"]
[Round "6"]
[White "Butnorius Algimantas (LTU)"]
[Black "Delega Tomasz (POL)"]
[Result "1-0"]
[WhiteElo "2388"]
[BlackElo "2182"]

1.Nf3 Nf6 2.c4 b6 3.g3 Bb7 4.Bg2 e6 5.d4 Bb4+ 6.Bd2 Be7 7.Nc3 O-O 8.O-O d5
9.cxd5 exd5 10.Qc2 a6 11.Rad1 Re8 12.Bf4 Bd6 13.Be5 c6 14.Rfe1 Bxe5 15.dxe5
Ng4 16.e4 Nxe5 17.Nxe5 Rxe5 18.exd5 Rxe1+ 19.Rxe1 c5 20.Ne4 Nd7 21.Nd6 Qc7
22.Nxb7 Qxb7 23.d6 {#r} 1-0

[Event "Ch Great Britain"]
[Site "masterchessopen.com Sheffield (England)"]
[Date "2011.07.29"]
[Round "5"]
[White "Hawkins Jonathan (ENG)"]
[Black "Rudd Jack (ENG)"]
[Result "1-0"]
[WhiteElo "2480"]
[BlackElo "2290"]

1.Nf3 Nf6 2.c4 e6 3.g3 b6 4.Bg2 Bb7 5.d4 Bb4+ 6.Bd2 Be7 7.Nc3 O-O 8.O-O c5
9.d5 exd5 10.Nh4 Re8 11.Nf5 Bf8 12.Bg5 h6 13.Nxd5 Bxd5 14.Bxd5 Nc6 15.Bxc6
dxc6 16.Qxd8 Raxd8 17.Nxh6+ gxh6 18.Bxf6 Rd6 19.Bc3 Rxe2 20.Rfe1 Rc2 21.Re8 b5
22.cxb5 cxb5 23.Rc8 Rb6 24.Rd1 Rxc3 25.bxc3 Kg7 26.Rc7 a5 27.Rdd7 Rf6 28.Ra7
b4 29.c4 {#r} 1-0

[Event "Ch World (juniors) (under 20)"]
[Site "masterchessopen.com Chennai (India)"]
[Date "2011.08.04"]
[Round "3"]
[White "Sjugirov Sanan (RUS)"]
[Black "Botta Gabriele (SUI)"]
[Result "1-0"]
[WhiteElo "2627"]
[BlackElo "2271"]

1.d4 Nf6 2.c4 e6 3.Nf3 b6 4.g3 Bb7 5.Bg2 Bb4+ 6.Bd2 Be7 7.Nc3 O-O 8.O-O c5
9.d5 exd5 10.Nh4 Ne4 11.Nf5 Re8 12.Bf4 Nxc3 13.bxc3 Bf8 14.Ne3 d6 15.cxd5 Bxd5
16.Nxd5 Nd7 17.Qd3 Ne5 18.Bxe5 Rxe5 19.Be4 Be7 20.a4 Rc8 21.e3 h5 22.h4 {#r}
1-0

[Event "Ch Germany (seniors)"]
[Site "masterchessopen.com Halle (Germany)"]
[Date "2011.08.10"]
[Round "6"]
[White "Knaak Joachim (GER)"]
[Black "Mueller Rudolf (GER)"]
[Result "1-0"]
[WhiteElo "2233"]
[BlackElo "2190"]

1.d4 Nf6 2.c4 e6 3.Nf3 b6 4.g3 Bb7 5.Bg2 Bb4+ 6.Bd2 Be7 7.O-O Ne4 8.Nc3 d5
9.cxd5 exd5 10.Rc1 O-O 11.Bf4 c5 12.dxc5 Nxc3 13.bxc3 Bxc5 14.Ne5 g5 15.Bd2
Re8 16.Nf3 Ba6 17.Bxg5 f6 18.Bxf6 Qxf6 19.Qxd5+ Kf8 20.Nd4 Bxe2 21.Nxe2 Na6
22.Qc4 b5 23.Qxb5 Rab8 24.Qc4 Rb2 25.Nf4 Rd2 26.Bd5 Rb8 27.Ne6+ Ke7 28.Nxc5
{#r} 1-0

[Event "It (open) \"]
[Site "masterchessopen.com Berlin (Germany)"]
[Date "2011.08.16"]
[Round "4"]
[White "Schlueter Bernd (GER)"]
[Black "Schneider Eckehard (GER)"]
[Result "1-0"]
[WhiteElo "1985"]
[BlackElo "1763"]

1.d4 Nf6 2.Nf3 b6 3.c4 e6 4.g3 Bb7 5.Bg2 Bb4+ 6.Bd2 Be7 7.O-O O-O 8.Bg5 h6
9.Bxf6 Bxf6 10.Nc3 d5 11.cxd5 exd5 12.Rc1 Re8 13.b4 a6 14.e3 Be7 15.Qb3 Qd6
16.Ne5 c6 17.e4 {#r} 1-0

[Event "Tournament (weekend) (a)"]
[Site "masterchessopen.com Liscate (Italy)"]
[Date "2011.10.15"]
[Round "2"]
[White "Salvador Roland (PHI)"]
[Black "Bemporad Filippo (ITA)"]
[Result "1-0"]
[WhiteElo "2501"]
[BlackElo "2093"]

1.d4 Nf6 2.Nf3 e6 3.c4 b6 4.g3 Bb7 5.Bg2 Bb4+ 6.Nbd2 d5 7.Qa4+ Nc6 8.Ne5 O-O
9.Nxc6 Bxd2+ 10.Bxd2 Qd7 11.cxd5 Nxd5 12.Rc1 Kh8 13.Qc2 f6 14.e4 {#r} 1-0

[Event "Cup Latin (open)"]
[Site "masterchessopen.com Montevideo (Uruguay)"]
[Date "2011.11.03"]
[Round "4"]
[White "Bernal Gustavo (ARG)"]
[Black "Quenallata Luciano (ARG)"]
[Result "1-0"]
[WhiteElo "2068"]
[BlackElo "2221"]

1.d4 e6 2.c4 Nf6 3.Nf3 b6 4.g3 Bb7 5.Bg2 Bb4+ 6.Nbd2 O-O 7.O-O Ne4 8.Nxe4 Bxe4
9.c5 bxc5 10.a3 Ba5 11.dxc5 Qf6 12.Qa4 d5 13.cxd6 Qf5 14.Nh4 Bc2 15.Qc4 Qe5
16.Bxa8 Nd7 17.Qxc2 Rxa8 18.Qc6 Nb6 19.dxc7 {#r} 1-0

[Event "Cup Giovanni Pico"]
[Site "masterchessopen.com Mirandola (Italy)"]
[Date "2012.01.13"]
[Round "1"]
[White "Medici Simone"]
[Black "Simonini Mattia"]
[Result "1-0"]
[WhiteElo "2122"]
[BlackElo "1759"]

1.d4 Nf6 2.c4 e6 3.Nf3 b6 4.g3 Bb7 5.Bg2 Bb4+ 6.Bd2 Be7 7.O-O O-O 8.Nc3 c5
9.e3 cxd4 10.exd4 d5 11.Ne5 Na6 12.a3 Rb8 13.Qa4 Qe8 14.Nb5 Nc7 15.b3 Nxb5
16.cxb5 a6 17.Nc6 axb5 18.Nxe7+ Qxe7 19.Qxb5 Bc8 20.Bb4 Bd7 21.Qd3 {#r} 1-0

[Event "It (open)"]
[Site "masterchessopen.com New Delhi (India)"]
[Date "2012.01.17"]
[Round "4"]
[White "Sumit Grover (IND)"]
[Black "Sangma Rahul (IND)"]
[Result "0-1"]
[WhiteElo "2012"]
[BlackElo "2357"]

1.d4 Nf6 2.c4 e6 3.Nf3 b6 4.g3 Bb7 5.Bg2 Bb4+ 6.Bd2 a5 7.O-O O-O 8.a3 Bxd2
9.Qxd2 d6 10.Nc3 Nbd7 11.Qc2 Qe7 12.e4 e5 13.Nh4 exd4 14.e5 Bxg2 15.exf6 Nxf6
16.Rfe1 Qd7 17.Nb5 Bb7 18.Nf5 Rae8 19.Nfxd4 c5 20.Rxe8 Rxe8 21.Qf5 cxd4
22.Qxd7 Nxd7 23.Nxd6 Rb8 24.Rd1 Nc5 25.Nxb7 Rxb7 26.Rxd4 Rd7 27.Rxd7 Nxd7
28.b4 axb4 29.axb4 Ne5 30.c5 b5 31.f4 Nc6 {#R} 0-1

[Event "Bundesliga 2011/12"]
[Site "masterchessopen.com Austria"]
[Date "2012.01.20"]
[Round "1"]
[White "Postl Anton (AUT)"]
[Black "Tschohl Christof (AUT)"]
[Result "0-1"]
[WhiteElo "2270"]
[BlackElo "2171"]

1.d4 Nf6 2.c4 e6 3.Nf3 b6 4.g3 Bb7 5.Bg2 Bb4+ 6.Bd2 Be7 7.O-O O-O 8.Nc3 c5
9.d5 exd5 10.Nh4 d6 11.cxd5 Re8 12.Nf5 Bf8 13.e4 Bc8 14.g4 g6 15.Ne3 Qd7 16.g5
Nh5 17.Nf5 b5 18.a3 b4 19.axb4 cxb4 20.Na4 Na6 21.Nd4 Bb7 22.Qb3 Nc5 23.Nxc5
dxc5 24.Nc6 Bxc6 25.dxc6 Qxd2 {#R} 0-1

[Event "Ch Turkey"]
[Site "masterchessopen.com Kemer (Turkey)"]
[Date "2012.02.02"]
[Round "7"]
[White "Can Emre (TUR)"]
[Black "Gucin Zafer (TUR)"]
[Result "1-0"]
[WhiteElo "2462"]
[BlackElo "2136"]

1.d4 Nf6 2.c4 e6 3.Nf3 b6 4.g3 Bb7 5.Bg2 Bb4+ 6.Nbd2 Ne4 7.O-O Nxd2 8.Bxd2
Bxd2 9.Qxd2 Be4 10.Qf4 f5 11.d5 O-O 12.Rfd1 exd5 13.cxd5 Na6 14.Rac1 Rc8 15.a3
Nc5 16.Nd4 Bxg2 17.Kxg2 Qf6 18.b4 Na6 19.Nb5 Qb2 20.Qc4 {#r} 1-0

[Event "Ch Colombia (juniors) (under 20) (active) (g)"]
[Site "masterchessopen.com Bogota (Colombia)"]
[Date "2012.02.16"]
[Round "4"]
[White "Cespedes Galindo Estefania (COL)"]
[Black "Rodriguez Rueda Paula Andrea (COL)"]
[Result "0-1"]
[WhiteElo "1850"]
[BlackElo "2219"]

1.d4 Nf6 2.Nf3 e6 3.g3 b6 4.Bg2 Bb7 5.c4 Bb4+ 6.Bd2 Be7 7.Nc3 O-O 8.O-O d5
9.cxd5 exd5 10.Bf4 c5 11.h3 Nc6 12.g4 h6 13.Rc1 Rc8 14.Qd2 Ne4 15.Qe3 cxd4
16.Nxd4 Bc5 17.Ncb5 a6 18.Rxc5 bxc5 19.Nxc6 Rxc6 20.Nc3 Nxc3 21.Qxc3 Re8 22.e3
Rc8 23.Qa3 Qb6 24.Rd1 d4 {#R} 0-1

[Event "Ch Kazakhstan (1/2 final)"]
[Site "masterchessopen.com Pavlodar (Kazakhstan)"]
[Date "2012.02.23"]
[Round "3"]
[White "Akkozov Berik (KAZ)"]
[Black "Skurygin G (KAZ)"]
[Result "1-0"]
[WhiteElo "2363"]
[BlackElo "2241"]

1.d4 Nf6 2.c4 e6 3.Nf3 b6 4.g3 Bb7 5.Bg2 Bb4+ 6.Bd2 Be7 7.Nc3 c5 8.d5 exd5
9.Nh4 O-O 10.cxd5 d6 11.Nf5 Re8 12.Nxe7+ Qxe7 13.O-O Nbd7 14.Re1 a6 15.a4 Ne5
16.b3 Rab8 17.f4 Ng6 18.e4 Bc8 19.Qe2 Qd8 20.Qd3 b5 21.axb5 axb5 22.h3 b4
23.Nd1 Bd7 24.Ne3 Bb5 25.Qc2 Nd7 {#r} 1-0

[Event "Ch PriFO (open)"]
[Site "masterchessopen.com Kazan (Russia)"]
[Date "2012.02.27"]
[Round "1"]
[White "Karpeshov Oleg (RUS)"]
[Black "Uraev Ivan (RUS)"]
[Result "1-0"]
[WhiteElo "2384"]
[BlackElo "2218"]

1.d4 Nf6 2.c4 e6 3.Nf3 b6 4.g3 Bb7 5.Bg2 Bb4+ 6.Bd2 Be7 7.Nc3 O-O 8.Qc2 c5
9.d5 exd5 10.Ng5 h6 11.h4 g6 12.h5 hxg5 13.hxg6 Kg7 14.Nxd5 Bxd5 15.cxd5 d6
16.gxf7 g4 17.Rh6 {#r} 1-0

[Event "Ch India (team)"]
[Site "masterchessopen.com Panaji (India)"]
[Date "2012.03.01"]
[Round "5"]
[White "Adhiban B (IND)"]
[Black "Syed Anwar Shazuli (IND)"]
[Result "1-0"]
[WhiteElo "2561"]
[BlackElo "2294"]

1.d4 Nf6 2.c4 e6 3.Nf3 b6 4.g3 Bb7 5.Bg2 Bb4+ 6.Nbd2 c5 7.dxc5 Bxc5 8.O-O O-O
9.a3 d5 10.b4 Be7 11.Bb2 Nc6 12.Rc1 dxc4 13.Nxc4 b5 14.Nd4 Nxd4 15.Bxb7 Rb8
16.Na5 Nf5 17.Bg2 Rc8 18.e4 Rxc1 19.Bxc1 Nh6 20.e5 Nd7 21.Nc6 Qe8 22.Qd4 f6
23.Bxh6 gxh6 24.Qg4+ Kf7 25.Bd5 Bxb4 26.Nd4 Nb6 27.Bxe6+ Ke7 28.Qg7+ {#r} 1-0

[Event "Memorial Almeida (open)"]
[Site "masterchessopen.com Brasilia (Brazil)"]
[Date "2012.03.02"]
[Round "5"]
[White "Cavalcante Rodrigo Moreira"]
[Black "De Queiroz Glauber Pimentel"]
[Result "1-0"]
[WhiteElo "1975"]
[BlackElo "1815"]

1.d4 Nf6 2.c4 e6 3.Nf3 b6 4.g3 Bb7 5.Bg2 Bb4+ 6.Bd2 a5 7.Nc3 O-O 8.O-O Na6
9.Qc2 Bxc3 10.bxc3 Be4 11.Qb3 Rb8 12.Bf4 h6 13.h4 Nh5 14.Bc1 f5 15.Ne5 Bxg2
16.Kxg2 c6 17.Ba3 Rf6 18.Bd6 Nc7 19.Qa3 g5 20.Be7 Qc8 21.Bxf6 Nxf6 22.hxg5
hxg5 23.Qd6 Na8 24.Rh1 Kg7 25.Rh3 Rb7 26.Rah1 Qf8 27.Rh7+ Nxh7 28.Rxh7+ {#r}
1-0

[Event "Memorial Bobby Fischer (open)"]
[Site "masterchessopen.com Joao Pessoa (Brazil)"]
[Date "2012.03.11"]
[Round "5"]
[White "Dantas Isaac Pereira"]
[Black "Souza Marcos Valerio A (BRA)"]
[Result "0-1"]
[WhiteElo "1619"]
[BlackElo "2023"]

1.Nf3 Nf6 2.d4 e6 3.c4 b6 4.g3 Bb7 5.Bg2 Bb4+ 6.Bd2 Be7 7.Nc3 O-O 8.O-O c5
9.Bf4 d6 10.Re1 cxd4 11.Nb5 e5 12.Bg5 a6 13.Na3 Nbd7 14.e3 dxe3 15.Bxe3 Qc7
16.Rc1 Be4 17.Nb1 Qb7 18.Nbd2 Bc6 19.Nh4 Bxg2 20.Nxg2 Nc5 21.Bxc5 bxc5 22.b3
Ne8 23.Qc2 Nc7 24.Ne3 Ne6 25.Nd5 Bg5 26.Red1 Nd4 27.Qe4 Ra7 28.Qg2 Bxd2
29.Rxd2 f5 30.Nc3 Nf3+ {#R} 0-1

[Event "Ch Portugal (team) (1 div)"]
[Site "masterchessopen.com Matosinhos (Portugal)"]
[Date "2012.06.22"]
[Round "2"]
[White "Rubio Mejia Luis Ignacio (ESP)"]
[Black "Ulyanovskyy Vladimir (POR)"]
[Result "1-0"]
[WhiteElo "2428"]
[BlackElo "1693"]

1.d4 Nf6 2.c4 e6 3.Nf3 b6 4.g3 Bb7 5.Bg2 Bb4+ 6.Bd2 Bxd2+ 7.Qxd2 O-O 8.O-O d6
9.Nc3 Nbd7 10.d5 a5 11.dxe6 fxe6 12.Nd4 Bxg2 13.Nxe6 Qe7 14.Nxf8 Bxf1 15.Nxd7
Qxd7 16.Rxf1 Re8 17.b3 Qh3 18.f3 Qe6 19.e4 Rc8 20.Kg2 Nd7 21.Qd5 Kf7 22.Nb5
Qxd5 {#r} 1-0

[Event "Ch Paris (open) (a)"]
[Site "masterchessopen.com Paris (France)"]
[Date "2012.07.08"]
[Round "2"]
[White "Trommsdorf Fro (FRA)"]
[Black "Yacob Francois (FRA)"]
[Result "1-0"]
[WhiteElo "2037"]
[BlackElo "2145"]

1.Nf3 Nf6 2.d4 e6 3.c4 b6 4.g3 Bb7 5.Bg2 Bb4+ 6.Bd2 Be7 7.Nc3 O-O 8.O-O d6
9.Re1 c5 10.d5 exd5 11.Nh4 Nc6 12.Nxd5 Nxd5 13.cxd5 Nd4 14.e3 Bxh4 15.exd4 Bf6
16.dxc5 bxc5 17.Bc3 Bxc3 18.bxc3 Qa5 19.Re7 Ba6 20.Qd2 Bc4 21.Qf4 Bd3 22.Qxd6
Qxc3 23.Rae1 Qd4 24.Qc6 Rac8 25.Qxc8 {#r} 1-0

[Event "It (open)"]
[Site "masterchessopen.com Rethymno (Greece)"]
[Date "2012.07.11"]
[Round "6"]
[White "Minko Vladimir (RUS)"]
[Black "Skembris Spyridon (GRE)"]
[Result "0-1"]
[WhiteElo "2254"]
[BlackElo "2460"]

1.d4 Nf6 2.c4 e6 3.Nf3 b6 4.g3 Bb7 5.Bg2 Bb4+ 6.Nbd2 O-O 7.O-O d5 8.a3 Be7
9.Ne5 c5 10.cxd5 Bxd5 11.dxc5 Bxc5 12.Ndf3 a5 13.Nd3 Nbd7 14.Bg5 h6 15.Bxf6
Qxf6 16.Nh4 Bxg2 17.Nxg2 Rfd8 18.b4 Bd4 19.Rb1 Ne5 20.Nge1 axb4 21.axb4 Bc3
22.Qb3 Bxe1 23.Nxe1 Rd2 24.Qe3 Raa2 25.Qxb6 Rxe2 26.Rd1 Kh7 27.b5 Nc4 28.Qd8
Qxd8 29.Rxd8 Nd2 30.b6 Nxf1 {#R} 0-1

[Event "It \"]
[Site "masterchessopen.com Ghent (Belgium)"]
[Date "2012.07.14"]
[Round "2"]
[White "Ikonnikov Vyacheslav (RUS)"]
[Black "Verwoert Jef (NED)"]
[Result "1-0"]
[WhiteElo "2537"]
[BlackElo "2019"]

1.d4 Nf6 2.Nf3 e6 3.c4 b6 4.g3 Bb7 5.Bg2 Bb4+ 6.Bd2 Bxd2+ 7.Qxd2 O-O 8.O-O d6
9.Qf4 Nbd7 10.Nc3 Re8 11.e4 e5 12.Qe3 a5 13.d5 Nf8 14.Nd2 Qe7 15.h3 Rad8 16.a3
N8d7 17.b4 Ra8 18.Nb5 Qd8 19.Rfc1 Nf8 20.c5 Ba6 21.Bf1 bxc5 22.bxc5 Re7 23.a4
dxc5 24.Nb3 Bxb5 25.Bxb5 Ne8 26.Bc6 Rb8 27.Bxe8 Qxe8 28.Nxa5 Qc8 29.Nc6 Ra8
30.Na5 Re8 31.Nc6 Nd7 32.Kg2 {#r} 1-0

[Event "Tournament (Elo) \"]
[Site "masterchessopen.com Warsaw (Poland)"]
[Date "2012.08.02"]
[Round "8"]
[White "Bartczak Hanna"]
[Black "Krzyzanowski Antoni"]
[Result "0-1"]
[WhiteElo "1592"]
[BlackElo "1729"]

1.Nf3 Nf6 2.d4 e6 3.c4 b6 4.g3 Bb7 5.Bg2 Bb4+ 6.Bd2 a5 7.a3 Be7 8.Nc3 O-O
9.O-O c5 10.e3 d5 11.dxc5 bxc5 12.Ne1 Nc6 13.cxd5 exd5 14.Nc2 Rc8 15.Re1 Ne5
16.Bc1 Qd7 17.b3 Rfd8 18.Ne2 d4 19.exd4 Nf3+ 20.Bxf3 Bxf3 21.Ne3 cxd4 22.Nc4
Rxc4 23.bxc4 d3 24.Qb3 Bxe2 25.Bd2 Ne4 26.Bxa5 Qd4 27.Bb6 Bc5 28.Bxc5 Qxc5
29.Rxe2 dxe2 {#R} 0-1

[Event "Tournament (open)"]
[Site "masterchessopen.com Vecindario (Spain)"]
[Date "2012.08.16"]
[Round "3"]
[White "De La Hoz Sanchez Ruben"]
[Black "Natalicchio Escalante Nicolas (ITA)"]
[Result "0-1"]
[WhiteElo "1964"]
[BlackElo "2211"]

1.Nf3 b6 2.g3 Bb7 3.Bg2 e6 4.c4 Nf6 5.d4 Bb4+ 6.Bd2 Be7 7.Nc3 O-O 8.O-O d5
9.Ne5 c6 10.Bg5 Nbd7 11.cxd5 cxd5 12.Nd3 a6 13.Qb3 Ne4 14.Bxe7 Qxe7 15.Rfd1
Nxc3 16.bxc3 Rfc8 17.Rac1 Qd6 18.c4 dxc4 19.Rxc4 Bxg2 20.Kxg2 Qd5+ {#R} 0-1

[Event "Olympiad"]
[Site "masterchessopen.com Istanbul (Turkey)"]
[Date "2012.09.07"]
[Round "10"]
[White "Farazi Khaiber (AFG)"]
[Black "Myo Naing (MYA)"]
[Result "1-0"]
[WhiteElo "2163"]
[BlackElo "2312"]

1.d4 e6 2.c4 b6 3.Nf3 Bb7 4.g3 Nf6 5.Bg2 Bb4+ 6.Bd2 a5 7.O-O O-O 8.a3 Be7
9.Nc3 d5 10.Ne5 Na6 11.cxd5 exd5 12.Bg5 c5 13.e3 cxd4 14.exd4 Nc7 15.Re1 Ne6
16.Be3 Rc8 17.Qb3 Ba8 18.Bh3 Rb8 19.Nb5 Nd7 20.Nxf7 Nec5 21.dxc5 Rxf7 22.cxb6
Rf8 23.Nc7 Nc5 24.Qc2 Qd6 25.Rac1 Ne4 26.Nxa8 Rxa8 27.Qc6 Kh8 28.Qxd6 Bxd6
29.Red1 Nf6 30.b7 Rab8 31.Bc8 h6 32.Ba7 {#r} 1-0